Estudios penales en homenaje a Enrique Gimbernat
Zapisane w:
| Główni autorzy: | , , , , |
|---|---|
| Format: | Książka |
| Język: | hiszpański |
| Wydane: |
Madrid
Edisofer S.L
2008
|
| Hasła przedmiotowe: | |
| Etykiety: |
Dodaj etykietę
Nie ma etykietki, Dołącz pierwszą etykiete!
|
MARC
| LEADER | 00000nam a2200000 a 4500 | ||
|---|---|---|---|
| 001 | UCG3025 | ||
| 003 | CL-VaPUC | ||
| 008 | 100805e20080000SP |||||||||||||||||spa|d | ||
| 020 | |a 9788496261495 | ||
| 082 | 0 | 4 | |a 345 |b GAR |2 21 |
| 100 | |a García Valdés, Carlos |e author |9 551776 | ||
| 700 | 0 | |a Cuerda Riezu, Antonio |e author |9 551777 | |
| 700 | 0 | |a Martínez Escamilla, Margarita |e author |9 551778 | |
| 700 | 0 | |a Alcácer Guirao, Rafael |e author |9 551779 | |
| 700 | 0 | |a Valle Mariscal de Gante, Margarita |e author |9 551780 | |
| 245 | 1 | 0 | |a Estudios penales en homenaje a Enrique Gimbernat |
| 300 | |a 2 t | ||
| 942 | |c BK | ||
| 945 | |d 20100805 00:00:00 |a mfarfan | ||
| 260 | |a Madrid |b Edisofer S.L |c 2008 | ||
| 600 | 0 | 7 | |a ENRIQUE GIMBERNAT |2 CL-VaPUC |9 551781 |
| 650 | 7 | |a DERECHO PENAL |2 CL-VaPUC |9 11 | |
| 583 | |a last modification |c 20100805 00:00:00 |k Rodrigo Vera | ||
| 999 | |c 342124 |d 342122 | ||
| 952 | |0 0 |1 0 |4 0 |6 345_000000000000000_GAR_2008 |7 0 |8 A |9 438110 |a BIBDER |b BIBDER |d 2019-11-22 |h t.1 |i 4702018 |o 345 GAR 2008 |p 4702018 |r 2023-01-25 |w 2019-11-22 |y BK |k DER | ||
| 952 | |0 0 |1 0 |4 0 |6 345_000000000000000_GAR_2008 |7 0 |8 A |9 438111 |a BIBDER |b BIBDER |d 2019-11-22 |h t.2 |i 4702026 |o 345 GAR 2008 |p 4702026 |r 2023-01-25 |w 2019-11-22 |y BK |k DER | ||